Statistieken voor Aardrijkskunde voor beginners

Klik hier om de quiz te nemen!

Algemene statistieken

  • Deze quiz is 46 keer genomen
  • De gemiddelde score is 13 van 20

Antwoordstatistieken

VraagAnwoord% Correct
Welk land bezet GroenlandDenemarken
100%
Welk land grenst aan de meeste andere landenRusland | China
93%
Hoeveel landen herkent Jetpunk196
89%
Welk continent heeft de minste landen
(behalve Antartica)
Zuid-Amerika
89%
Wat is het dichtstbevolkte Portugeessprekende landBrazilie
86%
Waar zijn de Benelux-landen
(per continent)
Europa
86%
Welk land heeft de op een na grootste bevolkingIndia
86%
Noem een ​​van de landen waar Indonesië aan grenstMaleisië | Oost-Timor | Papoea-Nieuw-Guinea
86%
Welk land heeft de kleinste bevolkingVaticaanstad
82%
Wat is de dichtstbevolkte stad van de Verenigde Arabische EmiratenDubai
75%
Wat is het grootste land van Europa?
(exclusief multicontinentale landen)
Oekraine
75%
Wat is de hoofdstad van MarokkoRabat
71%
Welk land grenst alleen aan Saoedi-Arabië met een kunstmatige brugBahrein
61%
Wat was de vroegere naam van IranPerzië
54%
Hoe zeg je Zwitserland in het EngelsSwitzerland
50%
Wat is het nieuwste land om onafhankelijk te wordenZuid Soedan
46%
Welk land heeft het op twee na hoogste BBPJapan
18%
Tamil wordt voornamelijk gesproken waarSri Lanka
18%
Wat is de enige politieke partij in VietnamCommunistische Partij
14%
Hoe noem je een Russische onderverdelingOblast
7%

Scoreverdeling

Percentiel versus Aantal Correcte Antwoorden

Procent van Mensen met Elke Score

Uw Scoregeschiedenis

U heeft deze quiz nog niet genomen